00746cam a22002057a 4500003000500000005001700005008004100022010001000063011001000073035001000083040000900093100004100102245016500143260004100308300002100349502008100370650003200451650003000483650002700513CHAP20220329142042.0990429d1998 mx r 00110 spa d a77654 a78626 a88641 cCHAP00aAlfaro Sánchez, Martín Gilberto.10aCaracterización agronómica de 40 variedades de tomate de cáscara (Physalis ixocarpa, Brot.), en el sur de Nayaritc/por Martín Gilberto Alfaro Sánchez aChapingo, Méx. :bEl autor,c1998. a45 h. :bcuadros aTesis (Ing. Agr. Esp. en Zonas Aridas) -- UACH. Departamento de Zonas Aridas14aTomate verdexMejoramiento.14aTomate verdexVariedades.14aTomate verdezNayarit.